• 首页
  • 本馆介绍
  • 公告通知
  • 最新文献
  • 馆藏检索
  • 电子资源
  • 读者导购
  • 参考咨询
  • 我的图书馆
  • 登录
  • 详细信息显示
  • 放入我的书架
  • 预约/预借图书
  • 作者相关作品
  • 分类相关作品
  • 丛书相关作品
  • 出版社相关作品

书目信息

  • 表格格式
  • 工作单格式
  • 卡片格式
题名:
四部丛刊初编
    
 
作者: 唐释寒山 撰
分册: 一百零二   集部
出版信息: 上海   上海书店  1989.03
页数: 1册
开本: 19cm
丛书名:
单 册:
中图分类: Z121.6
科图分类:
主题词: 丛书--中国
电子资源:
ISBN: 7-80569-058-8
000 00944nam0 2200265 450
001 0653559265
005 20060925095825.85
010    @a7-80569-058-8@b精装@dCNY24.85
100    @a20060915d1989 km y0chiy0120 ea
101 0  @achi
102    @aCN@b310000
200 1  @a四部丛刊初编@Asi bu cong kan chu bian@h一百零二@i集部@i寒山子诗@e一卷附丰干拾得诗一卷@f唐释寒山撰@Ftang shi han shan zhuan
210    @a上海@c上海书店@d1989.03
215    @a1册@d19cm
300    @a据商务印书馆一九二六年版重印
305    @a上海涵芬楼借印建德周氏景宋刻本
327    @a本书还包括(唐)王勃撰《王子安集》十六卷附录一卷、(唐)杨烔撰《杨盈川集》十卷附录一卷
517 1  @a集部@Aji bu
517 1  @a寒山子诗@Ahan shan zi shi
517 1  @a一卷附丰干拾得诗一卷@Ayi juan fu feng gan shi de shi yi juan
606 0  @a丛书@x中国
690    @aZ121.6@v3
701  0 @a唐释寒山@Atang shi han shan@4撰
801  0 @aCN@bPFT@c20060925
905    @a10447@dZ121.6@e21:1(102)
    
    四部丛刊初编.一百零二.集部.寒山子诗:一卷附丰干拾得诗一卷/唐释寒山撰.-上海:上海书店,1989.03
    1册;19cm
    据商务印书馆一九二六年版重印
    部分内容:本书还包括(唐)王勃撰《王子安集》十六卷附录一卷、(唐)杨烔撰《杨盈川集》十卷附录一卷
    ISBN 7-80569-058-8(精装):CNY24.85
    
●
相关链接 在E读中查询图书 在五车中查询图书 在当当中查询图书 在豆瓣中查询图书


正题名:四部丛刊初编     索取号:Z121.6/21:1(102)         预约/预借

序号 登录号 条形码 馆藏地/架位号 状态 备注
1 0259526   202393515   古籍典藏专区/ [索取号:Z121.6/21:1(102)] 在馆    
唐山师范学院图书馆 欢迎您!
大连网信软件有限公司© 版权所有